| 000 | 00743nam a22002297a 4500 | ||
|---|---|---|---|
| 999 |
_c15237 _d15237 |
||
| 003 | AR-CdUCM | ||
| 008 | 190426b ||||| |||| 00| 0 spa d | ||
| 020 | _a978-607-404-074-6 | ||
| 040 |
_aMUNICIPALIDAD PROVINCIAL DEL CUSCO _cBIBLIOTECA MUNICIPAL DEL CUSCO |
||
| 082 |
_aPI / 803.08 / _bP51 |
||
| 110 |
_aPhidal publishing inc _932623 |
||
| 245 | _aLa bella y la bestia un encuentro inolvidable / | ||
| 260 |
_aMéxico : _bDvanced marketing, _c2011. |
||
| 300 |
_c14 cm. _bIlustración, |
||
| 440 |
_aCuentos para dormir _934277 |
||
| 650 |
_aCuentos _9312 |
||
| 650 |
_aInfantiles _917400 |
||
| 650 |
_aInfancia _95236 |
||
| 700 |
_aTorre Fernández, Andriana (Traducción) _934278 |
||
| 942 |
_2ddc _cLIBROS |
||
| 945 |
_arah _d26/04/2019 |
||